Năng lượng mới số 47

Nội dung số này trình bày: lá cờ tổ quốc và hành trình "mùa xuân từ những giếng dầu"; dự án trọng điểm nhà nước khí nam côn sơn; nền tảng văn hóa là động lực đưa BSR vượt qua "bảo kép"; dấu ấn từ chương trình an sin...

সম্পূর্ণ বিবরণ

সংরক্ষণ করুন:
গ্রন্থ-পঞ্জীর বিবরন
বিন্যাস: গ্রন্থ
ভাষা:Vietnamese
প্রকাশিত: H. Hội dầu khí Việt Nam 2021
বিষয়গুলি:
ট্যাগগুলো: ট্যাগ যুক্ত করুন
কোনো ট্যাগ নেই, প্রথমজন হিসাবে ট্যাগ করুন!
Thư viện lưu trữ: Thư viện Trường Đại học Nam Cần Thơ
LEADER 01149nam a22002177a 4500
001 NCT_113870
008 220304b xxu||||| |||| 00| 0 vie d
999 |c 5800  |d 5800 
041 0 |a vie 
082 0 4 |2 23rd ed.  |a 333.79  |b N116L 
245 0 0 |a Năng lượng mới  |n số 47  |c Hội dầu khí Việt Nam 
260 |a H.  |b Hội dầu khí Việt Nam  |c 2021 
300 |c 28cm 
310 |a Phát hành thứ ba hàng tuần 
362 |a 23/02/2021 
520 3 |a Nội dung số này trình bày: lá cờ tổ quốc và hành trình "mùa xuân từ những giếng dầu"; dự án trọng điểm nhà nước khí nam côn sơn; nền tảng văn hóa là động lực đưa BSR vượt qua "bảo kép"; dấu ấn từ chương trình an sinh xã hội PVOIL 
653 |a Công nghệ kỹ thuật ô tô 
655 |a Tạp chí 
942 |2 ddc  |c CR 
952 |0 0  |1 0  |2 ddc  |4 0  |6 333_790000000000000_N116L  |7 0  |9 23309  |a 000001  |b 000001  |d 2022-04-26  |o 333.79 N116L  |r 2022-04-26  |w 2022-04-26  |y CR 
980 |a Thư viện Trường Đại học Nam Cần Thơ